FIFA U-17 World Cup Top 4 Positions - Statistics

General Stats
  • This quiz has been taken 39 times
    32 since last reset
  • The average score is 24 of 33
Answer Stats
Answer % Correct
Argentina
100%
Brazil
100%
France
100%
Germany
100%
West Germany
100%
England
95%
Portugal
95%
Spain
95%
United States
95%
Italy
91%
Chile
86%
Mexico
86%
Sweden
86%
Netherlands
82%
Australia
77%
Belgium
77%
Colombia
77%
Nigeria
73%
Poland
73%
Switzerland
73%
Turkey
73%
Ghana
68%
Soviet Union
64%
Uruguay
64%
Ivory Coast
59%
Mali
59%
Scotland
50%
Qatar
41%
Saudi Arabia
41%
Guinea
32%
Burkina Faso
27%
Oman
23%
Bahrain
18%
No matching quizzes found
Score Distribution
Percent of People with Each Score
Percentile by Number Answered
Your Score History
You have not taken this quiz since the last reset